Statistics for Mountains by Picture - Basic

Click here to take the quiz!

General Stats

  • This quiz has been taken 32 times
  • The average score is 9 of 16

Answer Stats

Answer% Correct
Mount Everest
100%
Denali
96%
K2
96%
Mount Fuji
96%
Matterhorn
92%
Kilimanjaro
88%
Mont Blanc
79%
Table Mountain
63%
Fitz Roy
54%
Mount Rainier
42%
Eiger
25%
Grand Teton
21%
Cotopaxi
17%
Mount Olympus
17%
Ben Nevis
13%
Mount Cook/Aoraki
8%

Score Distribution

Percentile by Number Answered

Percent of People with Each Score

Your Score History

You have not taken this quiz